000 00301nam a22001337a 4500
008 171103b xxu||||| |||| 00| 0 eng d
020 _a9780471315612
041 _aeng
080 _22ND
_a339.138
100 _a60
101 _aMAR
245 _aWORLD WIDE WEB MARKETING
_cSTERNE,J
942 _2udc
_cBK
999 _c37438
_d37438